Pick the Middle One: US Presidents Quiz Stats

 Plays Quiz Updated Sep 25, 2017

Score 0/45 Timer 07:00
2 Plays Today
Question Answer Wrong Answers
Barack Obama, ________ Donald Trump
85.9%
Bill Clinton
0.3%
George H.W. Bush
0.2%
George W. Bush
0.9%
George W. Bush, __________, Donald Trump Barack Obama
85.7%
Bill Clinton
1.5%
George H. W. Bush
0.3%
Ronald Reagan
0.2%
__________, John Adams George Washington
84.7%
Thomas Jefferson
1.8%
James Monroe
0.6%
James Madison
0.7%
George H. W. Bush, __________, George W. Bush Bill Clinton
84.6%
Barack Obama
1.2%
Ronald Reagan
1.1%
Jimmy Carter
0.7%
George Washington, __________, Thomas Jefferson John Adams
84.5%
James Monroe
0.6%
Andrew Jackson
1%
James Madison
1.2%
John F. Kennedy, __________, Richard Nixon Lyndon B. Johnson
83.9%
Gerald Ford
1.7%
Jimmy Carter
0.8%
Dwight D. Eisenhower
1.2%
Richard Nixon, __________, Jimmy Carter Gerald Ford
83.9%
Ronald Reagan
2.2%
George H. W. Bush
0.6%
John F. Kennedy
0.9%
Gerald Ford, __________, Ronald Reagan Jimmy Carter
83%
George H. W. Bush
1.1%
Richard Nixon
2.4%
Lyndon B. Johnson
0.7%
Franklin D. Roosevelt, __________, Dwight D. Eisenhower Harry S. Truman
83%
Herbert Hoover
2.4%
John F. Kennedy
1%
Lyndon B. Johnson
1%
Harry S. Truman, __________, John F. Kennedy Dwight D. Eisenhower
82.9%
Lyndon B. Johnson
1.7%
Franklin D. Roosevelt
1.7%
Richard Nixon
1.3%
Jimmy Carter, __________, George H. W. Bush Ronald Reagan
82.3%
Bill Clinton
1.8%
Gerald Ford
2.4%
Richard Nixon
1.3%
Bill Clinton, __________, Barack Obama George W. Bush
82.2%
George H. W. Bush
5.1%
Ronald Reagan
0.4%
Jimmy Carter
0.2%
Lyndon B. Johnson, __________, Gerald Ford Richard Nixon
81.6%
Jimmy Carter
2.9%
Ronald Reagan
1.1%
John F. Kennedy
1.6%
Dwight D. Eisenhower, __________, Lyndon B. Johnson John F. Kennedy
81.2%
Richard Nixon
1.9%
Harry S. Truman
3.3%
Franklin D. Roosevelt
1.1%
Ronald Reagan, __________, Bill Clinton George H. W. Bush
80%
George W. Bush
4.9%
Jimmy Carter
2.1%
Gerald Ford
0.7%
Abraham Lincoln, __________, Ulysses S. Grant Andrew Johnson
78.9%
James Buchanan
3.3%
Rutherford B. Hayes
3.2%
Franklin Pierce
2.1%
Calvin Coolidge, __________, Franklin D. Roosevelt Herbert Hoover
77.1%
Harry S. Truman
2.5%
Warren G. Harding
6.2%
Dwight D. Eisenhower
1.5%
Herbert Hoover, __________, Harry S. Truman Franklin D. Roosevelt
76.6%
Dwight D. Eisenhower
4.1%
Calvin Coolidge
4.6%
Warren G. Harding
2%
John Adams, __________, James Madison Thomas Jefferson
76%
George Washington
0.4%
John Quincy Adams
1.7%
James Monroe
9.1%
James Buchanan, __________, Andrew Johnson Abraham Lincoln
74.5%
Franklin Pierce
5.5%
Ulysses S. Grant
3.5%
Rutherford B. Hayes
3.8%
James Madison, __________, John Quincy Adams James Monroe
74.2%
Andrew Jackson
5.1%
Martin Van Buren
3.5%
Thomas Jefferson
4.5%
Franklin Pierce, __________, Abraham Lincoln James Buchanan
74.1%
Andrew Johnson
4.5%
Ulysses S. Grant
2.9%
Rutherford B. Hayes
5.9%
Warren G. Harding, __________, Herbert Hoover Calvin Coolidge
73.8%
Franklin D. Roosevelt
2.2%
Harry S. Truman
1.9%
Woodrow Wilson
9.6%
Thomas Jefferson, __________, James Monroe James Madison
73.8%
John Adams
4%
John Quincy Adams
7.6%
Andrew Jackson
2%
Andrew Johnson, __________, Rutherford B. Hayes Ulysses S. Grant
73.2%
Abraham Lincoln
2.8%
James A. Garfield
6.1%
Chester A. Arthur
5.4%
Woodrow Wilson, __________, Calvin Coolidge Warren G. Harding
71%
Herbert Hoover
10.4%
Franklin D. Roosevelt
2.2%
Theodore Roosevelt
3.6%
Millard Fillmore, __________, James Buchanan Franklin Pierce
68.9%
Zachary Taylor
13.6%
Abraham Lincoln
1.9%
Andrew Johnson
2.8%
John Quincy Adams, __________, Martin Van Buren Andrew Jackson
68.2%
James Monroe
9.2%
William Henry Harrison
4.8%
John Tyler
5%
Andrew Jackson, __________, William Henry Harrison Martin Van Buren
67.6%
John Quincy Adams
5.8%
James Monroe
3.6%
John Tyler
10.1%
William McKinley, __________, William Howard Taft Theodore Roosevelt
67.5%
Grover Cleveland
8.5%
Woodrow Wilson
4.4%
Warren G. Harding
6.8%
Ulysses S. Grant, __________, James A. Garfield Rutherford B. Hayes
67.4%
Andrew Johnson
5.8%
Abraham Lincoln
1.9%
Chester A. Arthur
12%
Grover Cleveland, __________, Theodore Roosevelt William McKinley
66.9%
Benjamin Harrison
6.5%
William Howard Taft
9.3%
Woodrow Wilson
4.5%
James Monroe, __________, Andrew Jackson John Quincy Adams
66.3%
James Madison
10.4%
Martin Van Buren
7.9%
William Henry Harrison
2.8%
Theodore Roosevelt, __________, Woodrow Wilson William Howard Taft
65.1%
Warren G. Harding
8%
William McKinley
5.7%
Calvin Coolidge
8.3%
Benjamin Harrison, __________, William McKinley Grover Cleveland
62.6%
Theodore Roosevelt
4.3%
William Howard Taft
8.1%
Chester A. Arthur
12.2%
William Howard Taft, __________, Warren G. Harding Woodrow Wilson
61.9%
Calvin Coolidge
11.5%
Theodore Roosevelt
6.8%
William McKinley
7.1%
James A. Garfield, __________, Grover Cleveland Chester A. Arthur
60.2%
Benjamin Harrison
10%
Rutherford B. Hayes
13.4%
Ulysses S. Grant
3.5%
John Tyler, __________, Zachary Taylor James K. Polk
59.4%
William Henry Harrison
8.9%
Millard Fillmore
11.1%
Martin Van Buren
7.5%
Chester A. Arthur, __________, Benjamin Harrison Grover Cleveland
58.8%
James A. Garfield
11.5%
William McKinley
5.2%
Rutherford B. Hayes
11.4%
William Henry Harrison, __________, James K. Polk John Tyler
58.7%
Martin Van Buren
7.1%
Zachary Taylor
12.4%
Millard Fillmore
8.9%
Rutherford B. Hayes, __________, Chester A. Arthur James A. Garfield
58%
Grover Cleveland
14.6%
Ulysses S. Grant
5.7%
Benjamin Harrison
8.7%
Zachary Taylor, __________, Franklin Pierce Millard Fillmore
57.2%
James Buchanan
5.5%
James K. Polk
15.8%
John Tyler
8.5%
Grover Cleveland, __________, Grover Cleveland Benjamin Harrison
57%
Chester A. Arthur
15.7%
James A. Garfield
8.3%
William McKinley
6.5%
Martin Van Buren, __________, John Tyler William Henry Harrison
56.6%
Andrew Jackson
7.9%
James K. Polk
13%
Zachary Taylor
9.8%
James K. Polk, __________, Millard Fillmore Zachary Taylor
55.9%
John Tyler
10.9%
Franklin Pierce
15%
James Buchanan
5.2%

You're not logged in!

Compare scores with friends on all Sporcle quizzes.
OR
Log In

Show Comments

Extras

Top Quizzes Today


Score Distribution

Your Account Isn't Verified!

In order to create a playlist on Sporcle, you need to verify the email address you used during registration. Go to your Sporcle Settings to finish the process.

Report this User

Report this user for behavior that violates our Community Guidelines.

Details: